| Поле | Инд. | ПП | Название | Значение |
|---|---|---|---|---|
| Тип записи | a | |||
| Библиографический уровень | m | |||
| 001 | Контрольный номер | Adm POLL00000514 | ||
| 005 | Дата корректировки | 20131105145410.4 | ||
| 008 | Кодируемые данные | 060627 | ||
| 040 | a | Служба первич. каталог. | НБ ТвГУ | |
| 041 | a | Код языка текста | rus | |
| 080 | a | Индекс УДК | 94(47)"17" | |
| 084 | a | Индекс другой классификации/Индекс ББК | Т3(2)513-2 | |
| 090 | a | Полочн. индекс | 9(с)14 | |
| x | Авторский знак | Б 48 | ||
| 245 | 01 | a | Заглавие | [Штаты духовные] |
| 246 | _3 | a | Другая форма заглавия | Штаты духовные |
| 260 | 0_ | a | Место издания | Санкт-Петербург |
| b | Издательство | печатано при Сенате | ||
| c | Дата издания | февраля 29 дня 1764 | ||
| 300 | a | Объем | [1-6], 9-120 с. | |
| c | Размеры | 2° | ||
| 500 | a | Примечание | Без. тит. л. и общ. заголовка | |
| 500 | a | Примечание | Напеч. на бумаге с водяными знаками 1761-1762 г. | |
| a | Примечание | Отличит. признак изд.: на с. 120 концовка из трех звездочек, образующих треугольник | ||
| 500 | a | Примечание | Из содерж.: Указ нашему Сенату о разделении духовных имений и о сборе со всех архиерейских , монастырских и других церковных крестьян с каждой души по 1 руб. 50 коп.; Манифест о подведомстве всех архиерейских и монастырских крестьян Коллегии экономии; Всеподданнейший доклад от учрежденной о церковных имениях комиссии; Ведомость... колико ... полагается быть епархий; Учреждение учиненное в Комисии о церковных имениях, о росписании домов архиерейских и монастырей на классы, и о учиненных оным и протчим духовным местам штатах; Штаты архиерейских домов... | |
| 500 | a | Примечание | Припл. к: Берг-регламент : утвержден марта 3 дня 1739 года...- СПб., 1766 | |
| 653 | a | Ключевые слова | 18 в. | |
| a | Ключевые слова | Ведомство духовное | ||
| a | Ключевые слова | для истории | ||
| a | Ключевые слова | Духовенство | ||
| a | Ключевые слова | Духовное ведомство | ||
| a | Ключевые слова | Екатерина 2, о ней | ||
| a | Ключевые слова | Законы Российской империи | ||
| a | Ключевые слова | История России | ||
| a | Ключевые слова | Манифесты | ||
| a | Ключевые слова | Редактирование0 | ||
| a | Ключевые слова | Россий | ||
| a | Ключевые слова | Российская империя | ||
| 852 | x | Примечание, не предназначенное для пользователя | СК 18 в.- Т. 3, 8305 | |
| x | Примечание, не предназначенное для пользователя | Конволют | ||
| x | Примечание, не предназначенное для пользователя | припл. к 83913 (5-й аллигат) | ||
| x | Примечание, не предназначенное для пользователя | припл. к 89807 (5-й аллигат) | ||
| 901 | t | Тип документа | m | |
| 954 | a | Дата поступления на обработку | 20120925 |